Loading...
| History - World | 0 | 5 | 1 | 1 | 45 | 58 | 88.20 | 3 | 5 | 0.00 | 0.00 |
| Religion | 0 | 5 | 1 | 2 | 45 | 93 | 119.60 | 2 | 5 | 0.00 | 0.00 |
| Fine Arts - Other | 0 | 4 | 0 | 0 | 40 | 66 | 99.25 | 1 | 3 | 0.00 | 0.00 |
| Mythology | 0 | 4 | 0 | 0 | 40 | 95 | 112.25 | 1 | 4 | 0.00 | 0.00 |
| History - American | 0 | 3 | 0 | 0 | 30 | 98 | 101.67 | 1 | 3 | 0.00 | 0.00 |
| History - Other | 0 | 3 | 0 | 0 | 30 | 58 | 75.67 | 1 | 2 | 0.00 | 0.00 |
| Literature - World | 0 | 3 | 0 | 0 | 30 | 96 | 124.67 | 1 | 2 | 0.00 | 0.00 |
| Science - Other | 0 | 2 | 0 | 0 | 20 | 87 | 105.50 | 0 | 2 | 0.00 | 0.00 |
| Current Events | 0 | 1 | 0 | 0 | 10 | 101 | 101.00 | 0 | 1 | 0.00 | 0.00 |
| Fine Arts - Painting and Sculpture | 0 | 1 | 0 | 0 | 10 | 123 | 123.00 | 0 | 1 | 0.00 | 0.00 |
| Literature - British | 0 | 1 | 0 | 0 | 10 | 93 | 93.00 | 1 | 1 | 0.00 | 0.00 |
| Literature - European | 0 | 1 | 0 | 0 | 10 | 125 | 125.00 | 0 | 0 | 0.00 | 0.00 |
| Other Academic | 0 | 1 | 0 | 0 | 10 | 93 | 93.00 | 0 | 1 | 0.00 | 0.00 |
| Philosophy | 0 | 1 | 1 | 0 | 5 | 98 | 98.00 | 0 | 1 | 0.00 | 0.00 |
| Pop Culture | 0 | 1 | 1 | 0 | 5 | 82 | 82.00 | 0 | 1 | 0.00 | 0.00 |
| Social Science | 0 | 0 | 0 | 0 | 0 | 0.00 | 0 | 0 | 0.00 | 0.00 | |
| Fine Arts - Classical Music | 0 | 0 | 1 | 0 | -5 | 0.00 | 0 | 0 | 0.00 | 0.00 | |
| Science - Physics | 0 | 0 | 1 | 0 | -5 | 0.00 | 0 | 0 | 0.00 | 0.00 | |
| Literature - American | 0 | 0 | 2 | 0 | -10 | 0.00 | 0 | 0 | 0.00 | 0.00 |